[Event "4NCL/Div3/GUI3 vs. SWD2"]
[Site "West Bromwich ENG"]
[Date "2004.03.28"]
[Round "6.6"]
[White "Powell, Lloyd"]
[Black "Shepley, Julien M"]
[Result "1-0"]
[WhiteElo "1992"]
[BlackElo "2112"]
[PlyCount "75"]
[EventDate "2004.03.28"]

1. d4 d5 2. c4 e6 3. Nf3 Be7 4. g3 c6 5. Bg2 Nd7 6. O-O f5 7. b3 Bf6 8. Bb2 Qc7
9. Nc3 Ne7 10. Qc2 a6 11. e3 O-O 12. Rac1 Qb8 13. Rfd1 Rf7 14. Rd2 g5 15. Na4
Ng6 16. Nc5 Ndf8 17. Nd3 f4 18. exf4 gxf4 19. Nde5 Nxe5 20. dxe5 Bg7 21. Re2
fxg3 22. hxg3 Ng6 23. cxd5 cxd5 24. Ng5 Rf8 25. Bh3 Re8 26. Qxc8 Qxc8 27. Rxc8
Raxc8 28. Bxe6+ Rxe6 29. Nxe6 Ne7 30. f4 h6 31. Kg2 Kf7 32. Nd4 h5 33. f5 Bh6
34. f6 Ng6 35. Nf5 Bf8 36. e6+ Ke8 37. e7 Bxe7 38. Nd6+ 1-0

[Event "4NCL/Div3/GUI3 vs. SWD2"]
[Site "West Bromwich ENG"]
[Date "2004.03.28"]
[Round "6.7"]
[White "Hill, David F"]
[Black "Adams, Mark A"]
[Result "1-0"]
[WhiteElo "2049"]
[BlackElo "1973"]
[PlyCount "51"]
[EventDate "2004.03.28"]

1. d4 Nf6 2. Nf3 b6 3. g3 Bb7 4. Bg2 e6 5. O-O Be7 6. c4 O-O 7. d5 exd5 8. Nh4
c6 9. cxd5 Nxd5 10. Nf5 Nf6 11. e4 d5 12. Nc3 dxe4 13. Bg5 Kh8 14. Nxe4 Nbd7
15. Nxe7 Qxe7 16. Nd6 Nc5 17. Re1 Ne6 18. Bxf6 gxf6 19. Nxb7 Qxb7 20. Rc1 Rad8
21. Qf3 Kg7 22. Rxc6 Qd7 23. Qg4+ Ng5 24. Qf4 Qd4 25. Rc7 Qxf4 26. gxf4 1-0

[Event "4NCL/Div3/GUI3 vs. SWD2"]
[Site "West Bromwich ENG"]
[Date "2004.03.28"]
[Round "6.8"]
[White "Blackburn, Sandra G"]
[Black "Morris, Claire H"]
[Result "0-1"]
[WhiteElo "1392"]
[BlackElo "1616"]
[PlyCount "90"]
[EventDate "2004.03.28"]

1. d4 Nf6 2. Nf3 g6 3. Bg5 Bg7 4. e3 d6 5. Bd3 Nc6 6. c3 O-O 7. Nbd2 Bg4 8. h3
Bxf3 9. Nxf3 e5 10. dxe5 dxe5 11. Bc2 Qe7 12. O-O Rad8 13. Qe2 Qc5 14. Bxf6
Bxf6 15. Bb3 e4 16. Nd4 Ne5 17. Qb5 Qxb5 18. Nxb5 c6 19. Na3 Nd3 20. Rab1 Bg7
21. Bc2 Rd7 22. Bxd3 exd3 23. Rfd1 b5 24. Rd2 a6 25. Rbd1 Rfd8 26. Kf1 c5 27.
Nb1 c4 28. f4 f5 29. Rf2 Re7 30. Rf3 b4 31. Rd2 a5 32. g4 Rb7 33. gxf5 gxf5 34.
Rg2 Kf7 35. Rfg3 Bf6 36. Ke1 a4 37. Rd2 a3 38. Rg1 Rdd7 39. Kf2 axb2 40. Rxb2
bxc3 41. Rxb7 Rxb7 42. Rc1 c2 43. Nd2 c3 44. Nc4 Rb1 45. Nd6+ Ke6 0-1

[Event "4NCL/Div3/SLO2 vs. HKF1"]
[Site "West Bromwich ENG"]
[Date "2004.03.28"]
[Round "6.1"]
[White "Jones, Gawain C B"]
[Black "Hebden, Mark L"]
[Result "1-0"]
[WhiteElo "2387"]
[BlackElo "2549"]
[PlyCount "151"]
[EventDate "2004.03.28"]

1. e4 e5 2. Nf3 Nc6 3. Nc3 Nf6 4. Bb5 Nd4 5. Bc4 c6 6. Nxe5 d5 7. exd5 Bd6 8.
Nf3 Nxf3+ 9. Qxf3 O-O 10. h3 b5 11. Be2 b4 12. Ne4 Nxe4 13. Qxe4 Re8 14. Qf3
Ba6 15. d3 cxd5 16. Be3 Be5 17. d4 Bxe2 18. Qxe2 Bxd4 19. O-O-O Bxe3+ 20. fxe3
Qa5 21. Kb1 {=} 21... Rac8 22. Rd3 Rc5 23. Qd2 Qb5 24. Rd1 g6 25. b3 Re5 26. g4
a5 27. Qh2 Qe8 28. Qf4 Qe7 29. Rf1 Rc3 30. Rfd1 Rxe3 31. Rxd5 Re1 32. Rxe1
Qxe1+ 33. Kb2 Re3 34. Rd8+ Re8 35. Qb8 Qc3+ 36. Kb1 Rxd8 37. Qxd8+ Kg7 38. Qxa5
h5 39. gxh5 f5 40. hxg6 Qe1+ 41. Kb2 Kxg6 42. Qb6+ Kh5 43. Qf6 Qe4 44. h4 Kg4
45. Qg5+ Kf3 46. h5 f4 47. Qg7 Ke2 48. h6 Kd2 49. Qd7+ Ke2 50. Qd3+ Qxd3 51.
cxd3 f3 52. h7 f2 53. h8=Q f1=Q 54. Qe5+ Kd1 55. Qh5+ Kd2 56. Qg5+ Ke2 57. Qg4+
Kd2 58. Qxb4+ Ke2 59. Qg4+ Ke3 60. Qg3+ Ke2 61. d4 Qf8 62. a4 Kd2 63. Qc3+ Kd1
64. Qd3+ Ke1 65. a5 Qd6 66. Qc3+ Kd1 67. Qd3+ Ke1 68. a6 Qh2+ 69. Qc2 Qb8 70.
Qe4+ Kd2 71. Qb7 Qh2 72. a7 Kd3+ 73. Ka3 Qd6+ 74. Qb4 Qa6+ 75. Qa4 Qd6+ 76. b4
1-0

[Event "4NCL/Div3/SLO2 vs. HKF1"]
[Site "West Bromwich ENG"]
[Date "2004.03.28"]
[Round "6.2"]
[White "Cooper, Lawrence"]
[Black "Sujoldzic, Dino"]
[Result "1-0"]
[WhiteElo "2311"]
[BlackElo "2184"]
[PlyCount "111"]
[EventDate "2004.03.28"]

1. e4 c5 2. Nf3 a6 3. c3 Nf6 4. e5 Nd5 5. g3 Nc6 6. Bg2 d6 7. exd6 Qxd6 8. O-O
e6 9. d4 Be7 10. dxc5 Qxc5 11. Nbd2 O-O 12. Ne4 Qb6 13. c4 Nf6 14. Nc3 Qc5 15.
Qe2 e5 16. Be3 Qa5 17. a3 Rd8 18. Ng5 h6 19. Nge4 Be6 20. Nxf6+ Bxf6 21. Nd5
Bxd5 22. Bxd5 Rab8 23. Qg4 Kf8 24. Qe4 Kg8 25. b4 Qc7 26. c5 Nd4 27. Bc4 Qd7
28. Rad1 Qh3 29. Bd3 g6 30. Bc4 Kg7 31. f4 Qf5 32. Qg2 Qc2 33. fxe5 Qxc4 34.
exf6+ Kh7 35. Kh1 Nf5 36. Bf4 Rxd1 37. Rxd1 Re8 38. Qxb7 Rd8 39. Qf3 Rxd1+ 40.
Qxd1 Qe4+ 41. Kg1 Nd4 42. Kf2 g5 43. Be3 Qf5+ 44. Kg1 Nf3+ 45. Kg2 Ne5 46. Qd5
Kg6 47. Bf2 g4 48. a4 Qf3+ 49. Qxf3 gxf3+ 50. Kf1 Kf5 51. b5 axb5 52. axb5 Ke6
53. c6 Nd3 54. b6 Kd6 55. b7 Kc7 56. Ba7 1-0

[Event "4NCL/Div3/SLO2 vs. HKF1"]
[Site "West Bromwich ENG"]
[Date "2004.03.28"]
[Round "6.3"]
[White "Richmond, Robert J"]
[Black "Greet, Andrew N"]
[Result "1-0"]
[WhiteElo "2207"]
[BlackElo "2305"]
[PlyCount "115"]
[EventDate "2004.03.28"]

1. d4 Nf6 2. c4 e6 3. Nc3 Bb4 4. Qc2 c5 5. dxc5 O-O 6. Nf3 Na6 7. e3 Nxc5 8. a3
Bxc3+ 9. Qxc3 b6 10. b4 Nce4 11. Qd4 Bb7 12. Bb2 Qe7 13. Bd3 Rfd8 14. Bxe4 Bxe4
15. Nd2 Bb7 16. O-O d6 17. e4 e5 18. Qd3 b5 19. cxb5 d5 20. Qe3 dxe4 21. Nc4
Ng4 22. Qe2 Qe6 23. Rac1 Bd5 24. h3 Rac8 25. Na5 Nh6 26. Qe3 Rxc1 27. Rxc1 Nf5
28. Qxa7 e3 29. Nc6 Qg6 30. g4 Qh6 31. Ne7+ Nxe7 32. Qxe3 Qxe3 33. fxe3 f6 34.
a4 Rc8 35. Kf2 Kf7 36. a5 Rxc1 37. Bxc1 Ke6 38. b6 Nc8 39. Ke2 Bc4+ 40. Kd2 Nd6
41. Kc3 Kd5 42. b7 Nxb7 43. e4+ Kc6 44. Kxc4 Nd6+ 45. Kd3 Kb5 46. Be3 Nf7 47.
a6 Kxa6 48. Kc4 Nd8 49. Kc5 Kb7 50. Kd6 Nc6 51. Bc5 Nd4 52. Ke7 Ne2 53. Kf7 Nc3
54. Kxg7 Nxe4 55. Be3 Ng5 56. Kxf6 Nxh3 57. Kxe5 Kc6 58. Kf6 1-0

[Event "4NCL/Div3/SLO2 vs. HKF1"]
[Site "West Bromwich ENG"]
[Date "2004.03.28"]
[Round "6.4"]
[White "Wilson, Jonathan G"]
[Black "Lutton, J Ezra"]
[Result "1-0"]
[WhiteElo "2303"]
[BlackElo "2138"]
[PlyCount "119"]
[EventDate "2004.03.28"]

1. d4 Nf6 2. c4 g6 3. Nc3 Bg7 4. e4 d6 5. Be2 O-O 6. Nf3 Nc6 7. O-O e5 8. d5
Ne7 9. Ne1 Nd7 10. Be3 f5 11. f3 f4 12. Bf2 g5 13. a4 Rf6 14. Nb5 b6 15. a5 a6
16. axb6 Nxb6 17. c5 dxc5 18. Na3 Rh6 19. Nd3 Qe8 20. g4 fxg3 21. Bxg3 Ng6 22.
Nxc5 Nf4 23. Nc2 c6 24. Ne3 cxd5 25. Nxd5 Rd6 26. Qc2 Nbxd5 27. exd5 e4 28.
Nxe4 Bf5 29. Bc4 Rc8 30. Bxf4 Bxe4 31. Qxe4 gxf4 32. Qxe8+ Rxe8 33. Rxa6 Rxa6
34. d6+ Kf8 35. Bxa6 Bxb2 36. d7 Bd4+ 37. Kg2 Rd8 38. Bb5 Ke7 39. Rd1 Rg8+ 40.
Kh3 Bb6 41. Rd5 Bc7 42. Rd4 Rg5 43. Ba4 h6 44. Re4+ Kf6 45. Rxf4+ Rf5 46. Rc4
Bd8 47. f4 Rd5 48. Re4 Rd3+ 49. Kg2 Kf5 50. Re8 Rd2+ 51. Kf3 Bf6 52. Ke3 Rd6
53. Bc2+ Kg4 54. Rg8+ Kh5 55. Bf5 Bd4+ 56. Ke4 Bb6 57. Rg3 Bd8 58. Ke5 Rd2 59.
Rh3+ Bh4 60. Bd3 1-0

[Event "4NCL/Div3/SLO2 vs. HKF1"]
[Site "West Bromwich ENG"]
[Date "2004.03.28"]
[Round "6.5"]
[White "Linford, Charles M"]
[Black "Ogunshola, Ben"]
[Result "0-1"]
[WhiteElo "2179"]
[BlackElo "2158"]
[PlyCount "78"]
[EventDate "2004.03.28"]

1. e4 d6 2. d4 g6 3. Nc3 Bg7 4. f4 Nf6 5. Nf3 O-O 6. Bd3 Na6 7. O-O c5 8. d5
Nb4 9. Qe1 c4 10. a3 cxd3 11. axb4 dxc2 12. h3 Qb6+ 13. Rf2 Qxb4 14. Rxc2 Bd7
15. e5 Nh5 16. Qe3 Ng3 17. Rd2 Rfc8 18. Qe1 Nh5 19. Rd4 Rc4 20. Qe3 Ng3 21. Na2
{=} 21... Qc5 22. b4 Qb5 23. Rxc4 Qxc4 24. Bd2 Qxd5 25. Nc3 Qc4 26. Rc1 Nf5 27.
Qf2 Bc6 28. g4 Bxf3 29. gxf5 Bc6 30. f6 exf6 31. exd6 f5 32. Kh2 Qd3 33. b5 Bd7
34. Qe3 Qxd6 35. Rd1 Re8 36. Qf3 Be6 37. Bc1 Qb4 38. Nd5 Bxd5 39. Qxd5 Bf6 0-1

[Event "4NCL/Div3/SLO2 vs. HKF1"]
[Site "West Bromwich ENG"]
[Date "2004.03.28"]
[Round "6.6"]
[White "Fowler, Simon"]
[Black "Mulligan, Stephen"]
[Result "0-1"]
[WhiteElo "2119"]
[BlackElo "2168"]
[PlyCount "56"]
[EventDate "2004.03.28"]

1. e4 e5 2. Nf3 d6 3. Bc4 Be7 4. d4 exd4 5. Nxd4 Nf6 6. Nc3 O-O 7. O-O Nxe4 8.
Nxe4 d5 9. Bd3 dxe4 10. Bxe4 Nd7 11. Qe2 Nf6 12. Nf3 Re8 13. Rd1 Bd6 14. Bg5
Bf5 15. Bxf6 Qxf6 16. Rd4 c5 17. Ra4 b5 18. Qxb5 Rxe4 19. Ra6 Re6 20. Kf1 Bxc2
21. Rc1 Qg6 22. Ne1 Rxe1+ 23. Kxe1 Bd3 24. Qc6 Qe6+ 25. Kd2 Qe2+ 26. Kc3 Be5+
27. Kb3 Qxb2+ 28. Ka4 Qb4# 0-1

[Event "4NCL/Div3/SLO2 vs. HKF1"]
[Site "West Bromwich ENG"]
[Date "2004.03.28"]
[Round "6.7"]
[White "Roberson, Peter T"]
[Black "Pym, Thomas W"]
[Result "1/2-1/2"]
[WhiteElo "2102"]
[BlackElo "2048"]
[PlyCount "94"]
[EventDate "2004.03.28"]

1. e4 c5 2. c3 Nf6 3. e5 Nd5 4. Nf3 g6 5. d4 cxd4 6. Qxd4 Nc7 7. e6 f6 8. exd7+
Qxd7 9. Qh4 Qg4 10. Qg3 Qxg3 11. hxg3 h5 12. Bd3 Kf7 13. Nh4 Rg8 14. Nd2 Nd7
15. Bc4+ e6 16. Ne4 b5 17. Bd3 Bb7 18. Nf3 Nc5 19. Nxc5 Bxc5 20. a4 b4 21. Bd2
Rgd8 22. cxb4 Bxf2+ 23. Kxf2 Rxd3 24. Rac1 Nd5 25. Rc2 Rd8 26. Rhc1 Rd7 27. b5
e5 28. Bc3 Ne3 29. Rd2 Ng4+ 30. Ke2 e4 31. Ne1 Re3+ 32. Kf1 Rc7 33. Rcd1 Rexc3
34. bxc3 Ne3+ 35. Ke2 Nxd1 36. Rxd1 Ke7 37. Kd2 Rd7+ 38. Ke2 Rxd1 39. Kxd1 Kd6
40. Nc2 Kc5 41. Nd4 a6 42. Ne6+ Kd6 43. Nf4 g5 44. Nxh5 Ke7 45. c4 e3 46. Ke2
Bxg2 47. Kxe3 axb5 1/2-1/2

[Event "4NCL/Div3/SLO2 vs. HKF1"]
[Site "West Bromwich ENG"]
[Date "2004.03.28"]
[Round "6.8"]
[White "Summerscale, Claire E"]
[Black "Barraclough, Stephanie"]
[Result "1/2-1/2"]
[WhiteElo "2036"]
[BlackElo "1552"]
[PlyCount "28"]
[EventDate "2004.03.28"]

1. d4 Nf6 2. Nc3 d5 3. Bg5 e6 4. e4 dxe4 5. Nxe4 Be7 6. Bxf6 Bxf6 7. c3 Nd7 8.
f4 b6 9. Qf3 Rb8 10. Bb5 Bb7 11. Bxd7+ Qxd7 12. Nxf6+ gxf6 13. Qe2 Qd5 14. Nf3
Qh5 1/2-1/2

[Event "4NCL/Div3/FCA vs. WES2"]
[Site "West Bromwich ENG"]
[Date "2004.03.28"]
[Round "6.2"]
[White "Rutter, Nicholas"]
[Black "Freeman, Richard C P"]
[Result "1/2-1/2"]
[WhiteElo "2124"]
[BlackElo "2139"]
[PlyCount "36"]
[EventDate "2004.03.28"]

1. e4 c5 2. Nf3 Nc6 3. d4 cxd4 4. Nxd4 g6 5. c4 Bg7 6. Be3 Nf6 7. Nc3 Ng4 8.
Qxg4 Nxd4 9. Qd1 Ne6 10. Qd2 Qa5 11. Rc1 b6 12. Be2 d6 13. O-O g5 14. Rfd1 Qe5
15. f3 Bb7 16. b3 h5 17. Nb5 Kf8 18. Nd4 Nxd4 1/2-1/2

[Event "4NCL/Div3/FCA vs. WES2"]
[Site "West Bromwich ENG"]
[Date "2004.03.28"]
[Round "6.3"]
[White "Smith, Graham M"]
[Black "Hopkins, Jamie R"]
[Result "1/2-1/2"]
[WhiteElo "2165"]
[BlackElo "2136"]
[PlyCount "34"]
[EventDate "2004.03.28"]

1. e4 c5 2. Nc3 Nc6 3. f4 g6 4. Nf3 Bg7 5. Bb5 Nd4 6. O-O Nxb5 7. Nxb5 d5 8. e5
a6 9. Nc3 d4 10. Ne4 Qd5 11. d3 Nh6 12. Qe2 O-O 13. Bd2 b6 14. b3 f6 15. exf6
exf6 16. c4 dxc3 17. Bxc3 a5 1/2-1/2

[Event "4NCL/Div3/FCA vs. WES2"]
[Site "West Bromwich ENG"]
[Date "2004.03.28"]
[Round "6.4"]
[White "Brameld, Arthur F"]
[Black "Valentine, Brian J"]
[Result "1/2-1/2"]
[WhiteElo "2079"]
[BlackElo "2063"]
[PlyCount "90"]
[EventDate "2004.03.28"]

1. Nf3 d5 2. d4 c6 3. e3 Nf6 4. Bd3 Bg4 5. Nbd2 Nbd7 6. h3 Bh5 7. g4 Bg6 8. Ne5
e6 9. Nxd7 Nxd7 10. Nf3 Bd6 11. Bxg6 hxg6 12. b3 Qa5+ 13. Bd2 Qc7 14. Bc3 Nf6
15. Ne5 Ne4 16. Bb2 Bb4+ 17. Kf1 Be7 18. Nf3 Bh4 19. Nxh4 Rxh4 20. Kg2 O-O-O
21. Qf3 Rdh8 22. Qf4 Qe7 23. Rh2 f5 24. Rah1 Qf6 25. f3 Ng5 26. Qg3 Nf7 27. c4
{=} 27... g5 28. cxd5 exd5 29. Rf1 f4 30. Qf2 Qh6 31. Rfh1 Re8 32. Re1 Rh8 33.
Reh1 Qh7 34. Qe2 Re8 35. Bc1 Qg6 36. Re1 Rhh8 37. Qf2 Qf6 38. e4 dxe4 39. fxe4
Kb8 40. Bb2 Qg6 41. e5 Nd8 42. Ba3 Ne6 43. Rhh1 Rd8 44. Bd6+ Ka8 45. Rd1 Qe4+
1/2-1/2

[Event "4NCL/Div3/FCA vs. WES2"]
[Site "West Bromwich ENG"]
[Date "2004.03.28"]
[Round "6.5"]
[White "Ioannides, Milton"]
[Black "Gregory, Keith D"]
[Result "1/2-1/2"]
[WhiteElo "2081"]
[BlackElo "2096"]
[PlyCount "86"]
[EventDate "2004.03.28"]

1. e4 g6 2. d4 d6 3. Nc3 c6 4. Be3 Bg7 5. Qd2 b5 6. f3 Bb7 7. Nge2 Nd7 8. Ng3
a6 9. Be2 Rc8 10. O-O h5 11. h3 c5 12. d5 Qc7 13. Nd1 Ngf6 14. a4 b4 15. c4
bxc3 16. bxc3 Ra8 17. a5 Bc8 18. Nb2 O-O 19. Nc4 Kh7 20. Bd3 Bb7 21. Bc2 Rfb8
22. Ne2 Ne8 23. g4 Nef6 24. Nf4 hxg4 25. hxg4 Rh8 26. g5 Ne8 27. Kg2 Kg8 28.
Rh1 Rxh1 29. Rxh1 Rb8 30. Qe1 Bc8 31. Qh4 Ne5 32. Nb6 Bd7 33. Qh7+ Kf8 34. Nd3
Nxd3 35. Bxd3 Bb5 36. c4 Bd7 37. Rb1 Rb7 38. Bc1 e5 39. Ba3 Qd8 40. Bc1 Qe7 41.
Bd2 Ra7 42. Kf2 Qd8 43. Bc2 Rb7 1/2-1/2

[Event "4NCL/Div3/FCA vs. WES2"]
[Site "West Bromwich ENG"]
[Date "2004.03.28"]
[Round "6.6"]
[White "Marsh, Roger"]
[Black "Elwin, Adrian G"]
[Result "0-1"]
[WhiteElo "2087"]
[BlackElo "2066"]
[PlyCount "94"]
[EventDate "2004.03.28"]

1. d4 Nf6 2. c4 g6 3. Nc3 d6 4. e4 Bg7 5. Be2 O-O 6. Bg5 c6 7. h3 Nbd7 8. Nf3
Qc7 9. O-O Re8 10. Rc1 h6 11. Be3 Nf8 12. Qd2 g5 13. e5 N6d7 14. exd6 exd6 15.
h4 g4 16. Ne1 h5 17. Nd3 Nf6 18. Nf4 Bf5 19. Bd3 Qd7 20. d5 c5 21. Qc2 Bh7 22.
Rce1 Re7 23. Bd2 Rae8 24. Rxe7 Rxe7 25. Re1 a6 26. Rxe7 Qxe7 27. a4 g3 28. f3
N6d7 29. Bxh7+ Nxh7 30. Qf5 Bd4+ 31. Kf1 Ne5 32. Qxh5 Nxc4 33. Qg4+ Kh8 34.
Qc8+ Nf8 35. Ne4 Nxd2+ 36. Nxd2 Be3 37. Ne4 Bxf4 38. Qg4 Qe5 39. Qc8 Kg7 40.
Qg4+ Kh8 41. Qc8 Bh6 42. Qxb7 Qf4 43. Qb8 Qc1+ 44. Ke2 Qc2+ 45. Ke1 Qxg2 46.
Qxd6 Qg1+ 47. Ke2 Qe3+ 0-1

[Event "4NCL/Div3/FCA vs. WES2"]
[Site "West Bromwich ENG"]
[Date "2004.03.28"]
[Round "6.7"]
[White "Constantinou, Peter"]
[Black "Clark, Ian C"]
[Result "1/2-1/2"]
[WhiteElo "1808"]
[BlackElo "2112"]
[PlyCount "64"]
[EventDate "2004.03.28"]

1. Nf3 d5 2. c4 e6 3. d4 Nf6 4. Nc3 Be7 5. Bg5 O-O 6. e3 b6 7. Bxf6 Bxf6 8.
cxd5 exd5 9. Rc1 Re8 10. Be2 Bb7 11. O-O c6 12. b4 Nd7 13. Qb3 Nf8 14. a4 Qd6
15. Rfd1 Nd7 16. b5 c5 17. dxc5 Nxc5 18. Qa2 Bxc3 19. Rxc3 Qf6 20. Rcc1 Ne4 21.
Qa3 Rac8 22. Bd3 Rxc1 23. Rxc1 Nc5 24. Nd4 g6 25. Be2 Qe5 26. a5 f5 27. a6 Ba8
28. g3 g5 29. Bf1 {=} 29... f4 30. Nf3 Qg7 31. exf4 gxf4 32. Qa1 fxg3 1/2-1/2

[Event "4NCL/Div3/FCA vs. WES2"]
[Site "West Bromwich ENG"]
[Date "2004.03.28"]
[Round "6.8"]
[White "Norman, Dinah"]
[Black "Wilcox, Charlotte"]
[Result "1/2-1/2"]
[WhiteElo "2022"]
[BlackElo "1552"]
[PlyCount "34"]
[EventDate "2004.03.28"]

1. d4 d5 2. Nf3 e6 3. Bg5 f6 4. Bh4 c5 5. c3 Nc6 6. e3 Bd6 7. Bg3 c4 8. Be2
Nge7 9. Bxd6 Qxd6 10. Nbd2 Bd7 11. e4 O-O 12. O-O b5 13. a3 a5 14. Re1 b4 15.
axb4 axb4 16. Bf1 Ng6 17. g3 b3 1/2-1/2

[Event "4NCL/Div3/ATH vs. AD2"]
[Site "West Bromwich ENG"]
[Date "2004.03.28"]
[Round "6.1"]
[White "Quinn, John M"]
[Black "Wallace, Paul"]
[Result "1/2-1/2"]
[WhiteElo "2167"]
[BlackElo "2166"]
[PlyCount "39"]
[EventDate "2004.03.28"]

1. d4 Nf6 2. c4 d6 3. Nf3 g6 4. g3 Bg7 5. Bg2 O-O 6. Nc3 Nbd7 7. O-O e5 8. e4
c6 9. h3 Re8 10. Re1 a6 11. a3 Qc7 12. Be3 b6 13. Rc1 Bb7 14. d5 Nc5 15. Qc2
Rec8 16. b4 Ncd7 17. Qb3 cxd5 18. cxd5 Qd8 19. Nd2 Ne8 20. Qb1 1/2-1/2

[Event "4NCL/Div3/ATH vs. AD2"]
[Site "West Bromwich ENG"]
[Date "2004.03.28"]
[Round "6.2"]
[White "Graham, Nick (res)"]
[Black "Fulton, Anthony R"]
[Result "1/2-1/2"]
[WhiteElo "1840"]
[BlackElo "2099"]
[PlyCount "45"]
[EventDate "2004.03.28"]

1. d4 d6 2. e4 Nf6 3. Nc3 c6 4. Nf3 Bg4 5. Be3 b5 6. Bd3 Nbd7 7. h3 Bh5 8. g4
b4 9. Ne2 Bg6 10. Ng3 e5 11. Nf5 Bxf5 12. gxf5 Qc7 13. Qd2 c5 14. dxe5 dxe5 15.
Bc4 Qb7 16. Ng5 h6 17. Nxf7 Qxe4 18. Nxh8 Qxh1+ 19. Bf1 Qf3 20. Ng6 Qxf5 21.
Nxf8 Kxf8 22. Bc4 Rc8 23. Qd6+ 1/2-1/2

[Event "4NCL/Div3/ATH vs. AD2"]
[Site "West Bromwich ENG"]
[Date "2004.03.28"]
[Round "6.3"]
[White "Stevenson, James A B"]
[Black "Beveridge, Nigel"]
[Result "1/2-1/2"]
[WhiteElo "2113"]
[BlackElo "2028"]
[PlyCount "29"]
[EventDate "2004.03.28"]

1. d4 Nf6 2. c4 e6 3. Nc3 Bb4 4. Bg5 h6 5. Bh4 c5 6. d5 d6 7. e3 e5 8. Bd3 e4
9. Bc2 Bxc3+ 10. bxc3 g5 11. Bg3 Qe7 12. h4 Rg8 13. hxg5 hxg5 14. Ne2 Nbd7 15.
Qb1 1/2-1/2

[Event "4NCL/Div3/ATH vs. AD2"]
[Site "West Bromwich ENG"]
[Date "2004.03.28"]
[Round "6.4"]
[White "Spanton, Timothy"]
[Black "Pedersen, Carsten"]
[Result "1/2-1/2"]
[WhiteElo "2020"]
[BlackElo "2040"]
[PlyCount "54"]
[EventDate "2004.03.28"]

1. d4 Nf6 2. c4 Nc6 3. Nf3 e6 4. Nc3 Bb4 5. Bd2 O-O 6. e3 d6 7. a3 Bxc3 8. Bxc3
Ne4 9. Rc1 Qe7 10. d5 Nxc3 11. Rxc3 Nd8 12. Qc2 b6 13. Bd3 h6 14. O-O e5 15.
Bf5 Bb7 16. e4 Bc8 17. Bxc8 Rxc8 18. b4 Nb7 19. Ne1 a5 20. Nd3 c5 21. bxc5 Nxc5
22. Nxc5 Rxc5 23. Rb1 Qc7 24. Rb5 Rc8 25. Rxc5 Qxc5 26. a4 Qb4 27. Kf1 Kf8
1/2-1/2

[Event "4NCL/Div3/ATH vs. AD2"]
[Site "West Bromwich ENG"]
[Date "2004.03.28"]
[Round "6.5"]
[White "Gruettner, Ralf"]
[Black "Westwood, Richard D"]
[Result "1-0"]
[WhiteElo "2055"]
[BlackElo "2048"]
[PlyCount "97"]
[EventDate "2004.03.28"]

1. d4 Nf6 2. c4 e6 3. Nf3 b6 4. Nc3 Bb7 5. Bg5 Be7 6. e3 d6 7. Be2 Nbd7 8. O-O
O-O 9. Qc2 d5 10. cxd5 exd5 11. Rac1 Ne8 12. Bxe7 Qxe7 13. Rfd1 Rc8 14. Nb5 a6
15. Na7 Ra8 16. Nc6 Qd6 17. a3 g6 18. Nfe5 Bxc6 19. Qxc6 Qxc6 20. Rxc6 Nb8 21.
Rc2 Ra7 22. Rdc1 f6 23. Nd3 a5 24. Nf4 c6 25. Ne6 Rff7 26. Nd8 Rfc7 27. Nxc6
Nxc6 28. Rxc6 Kf7 29. Bf3 Rxc6 30. Rxc6 Rc7 31. Bxd5+ Ke7 32. Rxc7+ Nxc7 33.
Bc4 b5 34. Bg8 h6 35. f3 Kf8 36. Bb3 b4 37. axb4 axb4 38. Bc4 Ne8 39. Kf2 Nd6
40. Bd3 g5 41. e4 Ke7 42. g3 Kd7 43. Ke3 Kc7 44. f4 Kb6 45. e5 fxe5 46. dxe5
Nb7 47. fxg5 hxg5 48. h4 gxh4 49. gxh4 1-0

[Event "4NCL/Div3/ATH vs. AD2"]
[Site "West Bromwich ENG"]
[Date "2004.03.28"]
[Round "6.6"]
[White "Pritchard, David"]
[Black "McKeown, Paul"]
[Result "1/2-1/2"]
[WhiteElo "1864"]
[BlackElo "2050"]
[PlyCount "158"]
[EventDate "2004.03.28"]

1. e4 Nf6 2. e5 Nd5 3. d4 d6 4. Nf3 dxe5 5. dxe5 Bg4 6. c4 Nb4 7. Qxd8+ Kxd8 8.
Na3 Bxf3 9. gxf3 N8c6 10. Bd2 e6 11. f4 Kc8 12. Bc3 g6 13. Ke2 Bh6 14. Kf3 Rd8
15. Be2 Nd4+ 16. Bxd4 Rxd4 17. Rhd1 Nc6 18. Nb5 Rxf4+ 19. Kg2 Nxe5 20. b3 a6
21. Nd4 c5 22. Nf3 Nxf3 23. Bxf3 Bg7 24. Rac1 Bd4 25. Kg3 e5 26. Rc2 Kc7 27.
Bd5 h5 28. Rd3 h4+ 29. Kg2 e4 30. Rd1 Rh8 31. h3 f5 32. b4 Rf3 33. bxc5 Bxc5
34. Be6 Rd8 35. Rxd8 Kxd8 36. Rd2+ Rd3 37. Rxd3+ exd3 38. Kf3 d2 39. Ke2 d1=Q+
40. Kxd1 Bxf2 41. Bf7 g5 42. Be6 f4 43. Ke2 Bc5 44. Kf3 Kc7 45. Ke4 a5 46. a4
b6 47. Bg4 Kc6 48. Bh5 Be7 49. Be8+ Kc5 50. Bb5 Bf6 51. Kf3 Kd4 52. Ba6 Kc3 53.
Bb5 Be7 54. Ba6 Kd2 55. Bc8 Bc5 56. Bd7 Be3 57. Bc6 Ke1 58. Bd7 Bc5 59. Be6 Kd2
60. Bd7 Kc3 61. Bb5 Kd3 62. Ba6 Kd2 63. Bb5 Ke1 64. Bd7 Kf1 65. Be6 Kg1 66. Bd7
Kh2 67. Be6 Bd4 68. Bd7 Be3 69. Be6 Kh1 70. Bd7 Kg1 71. Be6 Kf1 72. Bd7 Bg1 73.
Be6 Ke1 74. Bd7 Kd2 75. Bc6 Kc3 76. Bb5 Kd4 77. Ba6 Ke5 78. Bc8 Bc5 79. Bd7 Be7
1/2-1/2

[Event "4NCL/Div3/ATH vs. AD2"]
[Site "West Bromwich ENG"]
[Date "2004.03.28"]
[Round "6.7"]
[White "Van de Griendt, Monique"]
[Black "Pready, Alex D"]
[Result "1/2-1/2"]
[WhiteElo "2067"]
[BlackElo "1664"]
[PlyCount "75"]
[EventDate "2004.03.28"]

1. d4 Nf6 2. Nf3 g6 3. c3 Bg7 4. Bf4 d6 5. h3 Nbd7 6. Nbd2 c6 7. e4 Nb6 8. Qc2
Bd7 9. Bd3 c5 10. dxc5 dxc5 11. Rd1 O-O 12. O-O Qc8 13. c4 Bc6 14. Rfe1 Nh5 15.
Bh2 Nd7 16. e5 Bh6 17. e6 Ndf6 18. exf7+ Rxf7 19. Ne5 Rg7 20. Ne4 Nf4 21. Nxc6
Qxc6 22. Bxf4 Bxf4 23. Qe2 Rb8 {=} 24. g3 Bh6 25. g4 Bf4 26. Qf3 e5 27. Bc2
Nxe4 28. Bxe4 Qc7 29. Qd3 b6 30. Qd6 Qxd6 31. Rxd6 Re7 {=} 32. Bd5+ Kg7 33. Be4
Bg5 34. Red1 Rf8 35. Kg2 Bh4 36. f3 Bg5 37. R1d3 Bc1 38. Rd7 1/2-1/2

[Event "4NCL/Div3/ATH vs. AD2"]
[Site "West Bromwich ENG"]
[Date "2004.03.28"]
[Round "6.8"]
[White "McIntosh, Doreen"]
[Black "Gostelow, David W"]
[Result "0-1"]
[WhiteElo "1304"]
[BlackElo "1976"]
[PlyCount "52"]
[EventDate "2004.03.28"]

1. d4 d5 2. Nf3 Nf6 3. e3 Bg4 4. Be2 e6 5. Nbd2 Bd6 6. b3 O-O 7. Bb2 Nbd7 8.
Ne5 Bf5 9. h3 c5 10. Ndf3 Rc8 11. Rc1 Qa5+ 12. Nd2 cxd4 13. Nxd7 Nxd7 14. O-O
dxe3 15. fxe3 Qxa2 16. Nc4 dxc4 17. Qxd6 Qxb2 18. Qxd7 cxb3 19. Qxb7 Rxc2 20.
Rb1 Qe5 21. Kf2 Bd3 22. Rfe1 Qf5+ 23. Qf3 Rxe2+ 24. Rxe2 Bxb1 25. Qxf5 exf5 26.
Rb2 Ba2 0-1

[Event "4NCL/Div3/BRI2 vs. WGR3"]
[Site "West Bromwich ENG"]
[Date "2004.03.28"]
[Round "6.1"]
[White "Dilleigh, Stephen P"]
[Black "Pokorna, Regina"]
[Result "0-1"]
[WhiteElo "2163"]
[BlackElo "2390"]
[PlyCount "80"]
[EventDate "2004.03.28"]

1. d4 Nf6 2. c4 e6 3. Nc3 Bb4 4. e3 O-O 5. Bd3 d5 6. Nf3 c5 7. O-O cxd4 8. exd4
dxc4 9. Bxc4 b6 10. Bg5 Bb7 11. Re1 Nbd7 12. Rc1 Rc8 13. Bd3 Re8 14. Ne5 Nxe5
15. Rxe5 Bd6 16. Re1 h6 17. Bh4 g5 18. Bg3 Bxg3 19. hxg3 Kg7 20. Qd2 Qxd4 21.
Rcd1 Red8 22. Qe2 Qc5 23. Ba6 Bxa6 24. Qxa6 Qb4 25. Qe2 Qg4 26. Qxg4 Nxg4 27.
f3 Nf6 28. g4 h5 29. gxh5 Nxh5 30. Rxd8 Rxd8 31. Rd1 Rxd1+ 32. Nxd1 Kf6 33. Nc3
Ke5 34. Kf2 Nf4 35. b3 a6 36. g4 f6 37. Na4 Nd5 38. Ke2 Kd4 39. Kd2 e5 40. Nb2
e4 0-1

[Event "4NCL/Div3/BRI2 vs. WGR3"]
[Site "West Bromwich ENG"]
[Date "2004.03.28"]
[Round "6.2"]
[White "Lee, Graham D"]
[Black "Curtis, John"]
[Result "1-0"]
[WhiteElo "2329"]
[BlackElo "2121"]
[PlyCount "65"]
[EventDate "2004.03.28"]

1. e4 d6 2. d4 Nf6 3. Nc3 e5 4. dxe5 dxe5 5. Qxd8+ Kxd8 6. Bg5 Be6 7. O-O-O+
Kc8 8. Nge2 Nbd7 9. f4 Ng4 10. f5 Bc4 11. Ng3 Bxf1 12. Rdxf1 Bc5 13. h3 Be3+
14. Bxe3 Nxe3 15. Rf2 Nc4 16. Nh5 g6 17. fxg6 hxg6 18. Nf6 Nxf6 19. Rxf6 Nd6
20. Rd1 b6 21. Nd5 Rd8 22. Rf3 Rd7 23. Nf6 Re7 24. h4 Kb7 25. g4 Rh8 26. Rh1
Ne8 27. h5 Nxf6 28. Rxf6 gxh5 29. gxh5 Re6 30. Rxf7 Kc6 31. Rh3 Reh6 32. Rc3+
Kd6 33. Rfxc7 1-0